Ciencias y regiones : (Registro nro. 2158)
[ vista simple ]
| 000 -CABECERA | |
|---|---|
| Campo de control | 00948nam a2200241 a 4500 |
| 005 - FECHA Y HORA DE LA ULTIMA TRANSACCION | |
| Campo de control | 20160122102659.0 |
| 008 - ELEMENTOS DE LONGITUD FIJA—INFORMACION GENERAL | |
| Campo de control | 140304s1994 ck d gr|||| 000 0 spa d |
| 020 ## - ISBN | |
| ISBN | 9589037364 |
| 040 ## - FUENTE DE CATALOGACIÓN | |
| Agencia catalogadora original | CO-BoIAVH |
| Agencia transcriptora | CO-BoIAVH |
| 041 0# - IDIOMA | |
| Código de idioma para texto/pista de sonido o título separado | Español |
| 044 ## - PAÍS DE PUBLICACIÓN | |
| País de publicación | Colombia |
| 082 04 - NUMERO DE CLASIFICACION DECIMAL DEWEY | |
| Número de clasificación | 303.483 |
| Número del ítem | I59c |
| 110 2# - ASIENTO PRINCIPAL--NOMBRE CORPORATIVO | |
| Unidad subordinad | Instituto Colombiano para el Desarrollo de la Ciencia y la Tecnología "Francisco José de Caldas" |
| 9 (RLIN) | 4581 |
| 245 10 - MENCION DE TITULO | |
| Título | Ciencias y regiones : |
| Parte restante del título | La construcción de un país. Misiones regionales de ciencia y tecnología. |
| Mención de responsabilidad | COLCIENCIAS |
| 260 ## - PUBLICACION, DISTRIBUCION, ETC. (PIE DE IMPRENTA) | |
| Lugar de publicación, distribución, etc. | Bogotá : |
| Nombre del editor, distribuidor, etc. | Instituto Colombiano para el Desarrollo de la Ciencia y la Tecnología "Francisco José de Caldas", |
| Fecha de publicación, distribución, etc. | 1994. |
| 300 ## - DESCRIPCION FISICA | |
| Extensión | 502 páginas : |
| Otros detalles físicos | gráficos ; |
| Dimensiones | 24 x 17 cm. |
| 650 #6 - ASIENTO SECUNDARIO DE MATERIA - TERMINO TEMATICO | |
| Término temático o nombre geográfico como elemento de entrada | Ecología regional |
| 9 (RLIN) | 8072 |
| 650 #6 - ASIENTO SECUNDARIO DE MATERIA - TERMINO TEMATICO | |
| Término temático o nombre geográfico como elemento de entrada | Ciencia y tecnología |
| 9 (RLIN) | 53608 |
| 662 ## - ASIENTO SECUNDARIO DE MATERIA - JERARQUIA DEL NOMBRE DE LUGAR( | |
| País o entidad mayor | Colombia |
| 700 1# - ASIENTO SECUNDARIO - NOMBRE PERSONAL | |
| Nombre personal | Villaveces Cardoso, José Luis |
| 9 (RLIN) | 14812 |
| 710 1# - ASIENTO SECUNDARIO - NOMBRE CORPORATIVO | |
| Nombre corporativo o de jurisdicción como elemento de entrada | Alonso Guzmán, Martha |
| 9 (RLIN) | 53599 |
| 942 ## - ELEMENTOS ADICIONALES (KOHA) | |
| Tipo de ítem | Libro |
| Sistema de clasificación | Dewey Decimal Classification |
| Withdrawn status | Lost status | Sistema de Clasificación | Damaged status | No para préstamo | Colección | Inventariado | Ubicación Permanente | Ubicación actual | Fecha de adquisición | Fuente de Valor | Valor | Total Checkouts | Número topográfico | Inventario / Código de Barras | Date last seen | Ejemplar | Price effective from | Forma de adquisición | Tipo de material |
|---|---|---|---|---|---|---|---|---|---|---|---|---|---|---|---|---|---|---|---|
| Dewey Decimal Classification | General | Inventariado 2017 | Bogotá | Bogotá | 12/03/2001 | Instituto | 39000.00 | LB-303.483 I59c | 002730 | 04/12/2012 | Ej. 1 | 04/12/2012 | Libro |